| Поле | Название | Значение |
| |
Тип записи |
a |
| |
Библиографический уровень |
m |
| 001 |
Контрольный номер |
UONB/MAIN/760d84c7607349c1a3a1220c97ee1418 |
| 005 |
Дата корректировки |
20260429182116.0 |
| 010 |
Индекс ISBN |
__ |
| b |
Уточнения |
в пер. |
| d |
Цена |
1 р. 2 к. |
| 9 |
Тираж |
5000 экз. |
| 100 |
Данные общей обработки |
__ |
| a |
Данные общей обработки |
20260429d1971 u y0rusy0189 ca |
| 101 |
Язык документа |
0_ |
| a |
Язык текста |
rus |
| 102 |
Страна публикации |
__ |
| a |
Страна публикации |
RU |
| 105 |
Кодированные данные (монография) |
__ |
| a |
Кодированные данные (монография) |
a j 001yy |
| 200 |
Заглавие и сведения об ответственности |
1_ |
| a |
Заглавие |
Технология брошюровочно-переплетных процессов |
| e |
Сведения, относящиеся к заглавию |
учебное пособие для технологических специальностей полиграфических институтов и факультетов |
| f |
Первые сведения об ответственности |
Д. В. Воробьев, Н. И. Дмитриева, А. И. Дубасов и другие |
| g |
Последующие сведения об ответственности |
под редакцией Б. А. Фельдмана |
| 203 |
Вид содержания и тип средства |
__ |
| a |
Вид содержания |
Текст |
| b |
Характеристика содержания |
визуальный |
| c |
Тип средства |
непосредственный |
| 210 |
Выходные данные |
1_ |
| a |
Место издания |
Москва |
| c |
Издательство |
Книга |
| d |
Дата издания |
1971 |
| 215 |
Физическое описание |
__ |
| a |
Объем |
437 с. |
| c |
Иллюстрации/тип воспроизводства |
ил. |
| d |
Формат |
21 см |
| 320 |
Библиография |
__ |
| a |
Библиография |
Библиогр.: с. 430-432 |
| 606 |
Тематические рубрики |
0_ |
| a |
Основная рубрика |
Брошюровка |
| j |
Формальный подзаголовок |
Учебники и пособия |
| 606 |
Тематические рубрики |
0_ |
| a |
Основная рубрика |
Переплетные работы |
| j |
Формальный подзаголовок |
Учебники и пособия |
| 610 |
Ключевые слова |
0_ |
| a |
Ключевые слова |
брошюровка; переплетные работы; брошюровочно-переплетные процессы |
| 675 |
Индекс УДК |
__ |
| a |
Индекс УДК |
6П9.55 |
| 686 |
Индексы других классификаций |
__ |
| 2 |
Код системы |
rubbk |
| 701 |
Альтернативная интеллектуальная ответственность |
_1 |
| a |
Фамилия |
Воробьев |
| b |
Имя (инициалы) |
Д. В. |
| g |
Полное личное имя |
Дмитрий Васильевич |
| 701 |
Альтернативная интеллектуальная ответственность |
_1 |
| a |
Фамилия |
Дмитриева |
| b |
Имя (инициалы) |
Н. И. |
| 701 |
Альтернативная интеллектуальная ответственность |
_1 |
| a |
Фамилия |
Дмитриева |
| b |
Имя (инициалы) |
Н. И. |
| 701 |
Альтернативная интеллектуальная ответственность |
_1 |
| a |
Фамилия |
Дубасов |
| b |
Имя (инициалы) |
А. И. |
| 702 |
Вторичная интеллектуальная ответственность |
_1 |
| a |
Фамилия |
Фельдман |
| b |
Имя (инициалы) |
Б. А. |
| g |
Полное личное имя |
Борис Александрович |
| 4 |
Код отношения |
340 |
| 801 |
Источник записи |
_0 |
| a |
Страна |
RU |
| b |
Организация |
Ульяновская ОНБ |
| c |
Дата составления |
20260429 |
| g |
Правила каталогизации |
RCR |
| 801 |
Источник записи |
_1 |
| a |
Страна |
RU |
| b |
Организация |
Ульяновская ОНБ |
| c |
Дата составления |
20260429 |
| g |
Правила каталогизации |
RCR |
| 901 |
Тип документа |
__ |
| t |
Тип документа |
m |
| 909 |
Создатель записи |
__ |
| a |
Создатель записи |
Агапова |
| b |
Дата создания записи |
20260429 |